000 00722nam a2200253Ia 4500
008 181129s9999 xx 000 0 und d
050 _bG783 1956
100 _aGray, William S.
245 0 _aNew more friends and neighbors /
245 0 _cby William S. Gray, Marion Monroe, A. Sterl Artley and May Hill Arbuthnot.
260 _aGlenview, Illinois :
260 _bScott, Foresman and Company,
260 _c1956
300 _a240 pages :
300 _billustrations ;
300 _c20cm.
650 _aReaders (Primary) --
650 _aReaders (Primary).
650 _x20th century.
700 _aArbuthnot, May Hill.
700 _aArtley, A. Sterl.
700 _aMonroe, Marion.
700 _aTitle.
999 _c359510
_d359510